| 000 | 00702cab a2200229 4500 | ||
|---|---|---|---|
| 001 | WB3030-17 | ||
| 008 | 090401t1994 xxu||||| |||| 00| 0 eng d | ||
| 035 | _a(Sirsi) u23681 | ||
| 041 | _aeng | ||
| 245 | _aCouncils set to sell millions of properties | ||
| 260 | _c1994 | ||
| 350 | _a0 | ||
| 490 |
_aIndependent _v1 August 1994, 2(1) |
||
| 520 | _aThe Government has plans to transfer up to 4m council homes including tower blocks to private ownerhsip under housing associations. | ||
| 650 | _aCOUNCIL HOUSING | ||
| 650 | _aHOUSING ASSOCIATIONS | ||
| 650 | _aLARGE CSALE VOLUNTARY TRANSFER | ||
| 650 | _aTRANSFER | ||
| 690 |
_aBlock management _96220 |
||
| 942 | _n0 | ||
| 948 | _c04/03/1997 | ||
| 999 |
_c15852 _d15852 |
||